Guess the Taylor Swift Song by the Lyrics #13 - Statistics

General Stats
  • This quiz has been taken 39 times
  • The average score is 154 of 242
Answer Stats
LYRICS % Correct
I
100%
a
97%
me
97%
you
97%
You
97%
My
93%
my
93%
Your
93%
your
93%
the
90%
it
87%
so
87%
do
83%
Don't
83%
for
83%
in
83%
on
83%
when
83%
just
80%
no
80%
No
80%
of
80%
as
77%
As
77%
what
77%
This
73%
this
73%
was
73%
but
70%
But
70%
they
70%
am
67%
know
67%
one
67%
did
63%
from
63%
From
63%
only
63%
down
60%
would
60%
has
57%
have
57%
won
57%
back
53%
knew
53%
love's
53%
world
53%
left
50%
New
50%
want
50%
what's
50%
apart
47%
dark
47%
other
47%
York
47%
blue
43%
come
43%
"Give
43%
Give
43%
hand
43%
heart
43%
hero
43%
hoax
43%
let
43%
night
43%
part
43%
pulled
43%
shade
43%
still
43%
believe
40%
broken
40%
died
40%
door
40%
gun
40%
hard
40%
hurts
40%
keeping
40%
movie
40%
point
40%
reason"
40%
reason
40%
sadness
40%
score
40%
smoking
40%
Darling,
37%
faithless
37%
fire
37%
scars
37%
screaming,
37%
underneath
37%
cliffside
33%
kingdom
33%
Stood
33%
undone
33%
ash
30%
frozen
30%
ground
30%
password
30%
(Ah,
27%
ah,
27%
ah)
27%
best
27%
eclipsed
27%
plan
27%
sun
27%
fight
23%
knife
23%
laid
23%
land
23%
sleepless
23%
twisted
23%
barren
20%
beaten
20%
drum
17%
sleight
17%
winless
13%
No matching quizzes found
Score Distribution
Percent of People with Each Score
Percentile by Number Answered
Your Score History
You have not taken this quiz